[Event "26th Klatovy B 2018"]
[Site "Klatovy CZE"]
[Date "2018.07.04"]
[Round "5.65"]
[White "Souralova, Jana"]
[Black "Martinek, Lukas"]
[Result "0-1"]
[WhiteElo "1100"]
[BlackElo "1215"]
[PlyCount "78"]
[EventDate "2018.06.30"]
[EventType "swiss"]
[EventRounds "9"]
[EventCountry "CZE"]

1. e4 e5 2. Nf3 Nc6 3. Bb5 a6 4. Bxc6 dxc6 5. Nxe5 Qd4 6. Nf3 Qxe4+ 7. Qe2 Qxe2+ 8. Kxe2 Bg4 9. Re1 O-O-O 10. Kf1 Bxf3 11. gxf3 Bd6 12. h3 Nf6 13. Nc3 Bb4 14. d3 Nd5 15. Bd2 Bd6 16. Nxd5 cxd5 17. Ba5 d4 18. Re4 b6 19. Bd2 c5 20. c4 dxc3 21. Bxc3 f6 22. d4 Rhe8 23. dxc5 Bxc5 24. Rae1 Kd7 25. Rd1+ Kc7 26. Rxd8 Rxd8 27. Bb4 f5 28. Rc4 Rd4 29. Rxd4 Bxd4 30. b3 Kc6 31. Bd2 g6 32. Be3 Kd5 33. Bxd4 Kxd4 34. Ke2 Kc3 35. Ke3 Kb2 36. Kd4 Kxa2 37. Kd5 Kxb3 38. Kc6 a5 39. Kxb6 a4 0-1

[Event "26th Klatovy B 2018"]
[Site "Klatovy CZE"]
[Date "2018.07.04"]
[Round "5.66"]
[White "Devera, Filip"]
[Black "Skutil, Frantisek Elias"]
[Result "1/2-1/2"]
[WhiteElo "1209"]
[BlackElo "1100"]
[PlyCount "61"]
[EventDate "2018.06.30"]
[EventType "swiss"]
[EventRounds "9"]
[EventCountry "CZE"]

1. e4 c5 2. Nc3 Nc6 3. g3 Nf6 4. Bg2 d6 5. d3 a6 6. f4 e6 7. Be3 Be7 8. Nf3 d5 9. exd5 Nxd5 10. Nxd5 exd5 11. O-O O-O 12. Qd2 d4 13. Bf2 Qd6 14. Rfe1 Re8 15. Re2 b5 16. Ne5 Bb7 17. Rae1 Bf6 18. Ng4 Rxe2 19. Nxf6+ gxf6 20. Rxe2 Qc7 21. c3 Qa5 22. cxd4 Qxd2 23. Rxd2 cxd4 24. Bxc6 Bxc6 25. Bxd4 Kg7 26. Kf2 Kg6 27. Rc2 Bd5 28. b3 f5 29. Rc5 Rd8 30. Bb2 Bb7 31. Ke3 1/2-1/2

[Event "26th Klatovy B 2018"]
[Site "Klatovy CZE"]
[Date "2018.07.04"]
[Round "5.67"]
[White "Nova, Michaela 1970"]
[Black "Safarova, Magdalena"]
[Result "1/2-1/2"]
[WhiteElo "1000"]
[BlackElo "1172"]
[PlyCount "46"]
[EventDate "2018.06.30"]
[EventType "swiss"]
[EventRounds "9"]
[EventCountry "CZE"]

1. e4 d5 2. exd5 Nf6 3. Nc3 Nxd5 4. Nxd5 Qxd5 5. Nf3 Nc6 6. d3 Bg4 7. h3 Bh5 8. g4 Qe6+ 9. Be3 Bxg4 10. hxg4 Qxg4 11. Be2 Qg2 12. Rh5 g6 13. Rc5 Qh1+ 14. Kd2 Qxd1+ 15. Rxd1 e6 16. Rg5 Bb4+ 17. c3 Be7 18. Ne5 Nxe5 19. Rxe5 O-O-O 20. Bxa7 Bf6 21. Rb5 h5 22. Bf3 b6 23. Re1 Kd7 1/2-1/2

[Event "26th Klatovy B 2018"]
[Site "Klatovy CZE"]
[Date "2018.07.04"]
[Round "5.68"]
[White "Zeman, Jiri 2004"]
[Black "Vojir, Vaclav 2005"]
[Result "1/2-1/2"]
[WhiteElo "1093"]
[BlackElo "1225"]
[PlyCount "53"]
[EventDate "2018.06.30"]
[EventType "swiss"]
[EventRounds "9"]
[EventCountry "CZE"]

1. e4 e6 2. Nf3 d5 3. exd5 exd5 4. Nc3 Nf6 5. Bb5+ Bd7 6. d3 Bxb5 7. Nxb5 c5 8. O-O Qb6 9. Re1+ Be7 10. c4 Nc6 11. Bf4 O-O-O 12. Bc7 Qa6 13. Bxd8 Rxd8 14. Qd2 dxc4 15. a4 cxd3 16. Qf4 Rd7 17. Nd2 Qb6 18. Nc4 Qd8 19. Ne5 Nxe5 20. Qxe5 Bd6 21. Nxd6+ Rxd6 22. Qxc5+ Kb8 23. g4 d2 24. g5 dxe1=R+ 25. Rxe1 Nh5 26. Re8 Qxe8 27. Qxd6+ 1/2-1/2

[Event "26th Klatovy B 2018"]
[Site "Klatovy CZE"]
[Date "2018.07.04"]
[Round "5.69"]
[White "Skalicky, Jindrich"]
[Black "Roubal, Matyas"]
[Result "1/2-1/2"]
[WhiteElo "1225"]
[BlackElo "1100"]
[PlyCount "90"]
[EventDate "2018.06.30"]
[EventType "swiss"]
[EventRounds "9"]
[EventCountry "CZE"]

1. e4 e5 2. Nf3 Nc6 3. Bb5 d6 4. d4 Bd7 5. O-O Be7 6. d5 Nb4 7. Bxd7+ Qxd7 8. a3 Na6 9. Nc3 Nf6 10. Re1 O-O 11. Bg5 h6 12. Bxf6 Bxf6 13. Ne2 Qb5 14. b3 Nc5 15. Nc3 Qb6 16. b4 Nd7 17. Na4 Qa6 18. Nc3 Qc4 19. Qd3 Qxd3 20. cxd3 c5 21. dxc6 bxc6 22. Rad1 c5 23. Nd5 cxb4 24. Nxf6+ Nxf6 25. axb4 a5 26. bxa5 Rxa5 27. Ra1 Rfa8 28. Rxa5 Rxa5 29. Rd1 Nd7 30. d4 exd4 31. Nxd4 Nf6 32. f3 d5 33. Nb3 Ra3 34. e5 Rxb3 35. exf6 gxf6 36. Rxd5 Kg7 37. Kf2 Rb1 38. Kg3 Rh1 39. h4 Kg6 40. f4 Rf1 41. Kg4 Rg1 42. Kg3 h5 43. Kf2 Rb1 44. g3 f5 45. Rd6+ f6 1/2-1/2

[Event "26th Klatovy B 2018"]
[Site "Klatovy CZE"]
[Date "2018.07.04"]
[Round "5.70"]
[White "Barta, David"]
[Black "Berkovec, Jakub"]
[Result "1-0"]
[WhiteElo "1176"]
[BlackElo "1000"]
[PlyCount "45"]
[EventDate "2018.06.30"]
[EventType "swiss"]
[EventRounds "9"]
[EventCountry "CZE"]

1. e4 c5 2. Nf3 d6 3. d4 cxd4 4. Nxd4 Nf6 5. Nc3 g6 6. Be3 Bg7 7. f3 O-O 8. Qd2 Re8 9. Bc4 Nc6 10. O-O-O Bd7 11. Bb3 Rc8 12. Bh6 Bh8 13. Rdg1 a6 14. h4 e5 15. Nxc6 Bxc6 16. h5 Nxh5 17. g4 Nf6 18. g5 Nh5 19. Rxh5 gxh5 20. g6 hxg6 21. Rxg6+ Bg7 22. Bxg7 Kh7 23. Qh6+ 1-0

[Event "26th Klatovy B 2018"]
[Site "Klatovy CZE"]
[Date "2018.07.04"]
[Round "5.71"]
[White "Vesely, Jan"]
[Black "Skrivan, Matej 2008"]
[Result "1-0"]
[WhiteElo "1112"]
[BlackElo "1056"]
[PlyCount "91"]
[EventDate "2018.06.30"]
[EventType "swiss"]
[EventRounds "9"]
[EventCountry "CZE"]

1. e4 e5 2. Nf3 Nf6 3. Nc3 Bc5 4. Bc4 Nc6 5. d3 d6 6. Bg5 O-O 7. Nd5 Bg4 8. Nxf6+ Kh8 9. Nxg4 Qc8 10. h3 h6 11. Be3 Bxe3 12. Nxe3 Nb4 13. Nd5 Nxd5 14. Bxd5 c6 15. Bb3 d5 16. exd5 cxd5 17. Bxd5 Qd8 18. Bb3 Re8 19. Bxf7 Re7 20. Bb3 Rc8 21. O-O e4 22. dxe4 Qxd1 23. Raxd1 Rxe4 24. Rfe1 Rf4 25. Ne5 Rff8 26. Ng6+ Kh7 27. Nxf8+ Rxf8 28. c3 Kh8 29. Re2 h5 30. Bc2 g6 31. Bxg6 Rg8 32. Bxh5 Rg5 33. Re7 a5 34. Rd8+ Rg8 35. Rxg8+ Kxg8 36. Kf1 b5 37. Ke2 b4 38. cxb4 axb4 39. Ra7 b3 40. axb3 Kf8 41. b4 Kg8 42. b5 Kf8 43. b6 Kg8 44. Rc7 Kf8 45. b7 Kg8 46. b8=Q# 1-0

[Event "26th Klatovy B 2018"]
[Site "Klatovy CZE"]
[Date "2018.07.04"]
[Round "5.72"]
[White "Merinsky, Stanislav"]
[Black "Bukvaj, Jan"]
[Result "1/2-1/2"]
[WhiteElo "1000"]
[BlackElo "1051"]
[PlyCount "127"]
[EventDate "2018.06.30"]
[EventType "swiss"]
[EventRounds "9"]
[EventCountry "CZE"]

1. f4 d5 2. Nf3 Nc6 3. b3 Bf5 4. Bb2 Nb4 5. Nd4 Bg6 6. a3 Nc6 7. e3 Nxd4 8. Bxd4 e6 9. Bb5+ c6 10. Bd3 Bxd3 11. cxd3 Nf6 12. Nc3 Be7 13. O-O O-O 14. b4 Qd7 15. Rf3 Bd8 16. Qf1 Re8 17. Bc5 Ng4 18. Bd4 Qe7 19. Rh3 Nf6 20. Qf3 h6 21. Re1 Bc7 22. e4 dxe4 23. dxe4 Red8 24. Ne2 e5 25. Bc3 Bb6+ 26. Kh1 Bc7 27. Qg3 exf4 28. Qh4 Kh7 29. Nxf4 Bxf4 30. Qxf4 g5 31. Qf5+ Kg7 32. Bxf6+ Qxf6 33. Rf1 Qxf5 34. exf5 Rxd2 35. g4 Rd4 36. Rg3 Re8 37. h4 gxh4 38. Rgg1 Ree4 39. g5 Rg4 40. Rxg4 Rxg4 41. Kh2 Rxg5 42. Kh3 Kf6 43. Kxh4 Rxf5 44. Rd1 Rf3 45. Rd7 Rxa3 46. Rxb7 Rb3 47. Rxa7 Rxb4+ 48. Kg3 Kg5 49. Rxf7 Rg4+ 50. Kh2 Rf4 51. Ra7 c5 52. Ra3 c4 53. Kg3 Rg4+ 54. Kf3 Rh4 55. Kg3 Rd4 56. Ra5+ Kg6 57. Rc5 Rd3+ 58. Kf4 c3 59. Ke4 Rd8 60. Rxc3 Re8+ 61. Kf4 Rf8+ 62. Kg3 Rf5 63. Kh4 Rf4+ 64. Kg3 1/2-1/2

[Event "26th Klatovy B 2018"]
[Site "Klatovy CZE"]
[Date "2018.07.04"]
[Round "5.73"]
[White "Nova, Anezka"]
[Black "Souralova, Alena"]
[Result "1-0"]
[WhiteElo "1033"]
[BlackElo "1000"]
[PlyCount "73"]
[EventDate "2018.06.30"]
[EventType "swiss"]
[EventRounds "9"]
[EventCountry "CZE"]

1. e4 e5 2. Nf3 Nc6 3. Bc4 Bc5 4. d3 Nf6 5. Ng5 O-O 6. Nf3 Bb4+ 7. Nc3 d6 8. Bg5 Bg4 9. h3 Nd4 10. hxg4 h6 11. Nxd4 exd4 12. Bxf6 Qxf6 13. O-O Qg6 14. Nd5 Qg5 15. Qf3 Qd2 16. Qd1 Qg5 17. Qe2 Bd2 18. Rad1 Rfe8 19. Rxd2 Re5 20. Nxc7 Rf8 21. f3 a5 22. c3 Qh4 23. cxd4 Rg5 24. Rc2 a4 25. Rc3 Rc8 26. Nb5 Rf8 27. Ra3 Ra8 28. Nxd6 b6 29. Nxf7 Rg6 30. Qc2 Kf8 31. Rxa4 Ra5 32. Rxa5 bxa5 33. Qb3 Rf6 34. Qa3+ Ke8 35. Nd6+ Ke7 36. Nf5+ Ke8 37. Nxh4 1-0

[Event "26th Klatovy B 2018"]
[Site "Klatovy CZE"]
[Date "2018.07.05"]
[Round "6.1"]
[White "Kanka, Matej 2000"]
[Black "Kastner, Jan"]
[Result "1/2-1/2"]
[WhiteElo "1905"]
[BlackElo "1930"]
[PlyCount "45"]
[EventDate "2018.06.30"]
[EventType "swiss"]
[EventRounds "9"]
[EventCountry "CZE"]

1. e4 e6 2. d4 d5 3. exd5 exd5 4. Bd3 Nf6 5. Nf3 Bg4 6. O-O Be7 7. h3 Bh5 8. Bf4 c6 9. Nbd2 Nbd7 10. c3 O-O 11. Qc2 Bg6 12. Rfe1 Re8 13. Ne5 Bxd3 14. Nxd3 Nf8 15. Qb3 Qb6 16. Qxb6 axb6 17. Bc7 Bd8 18. Rxe8 Nxe8 19. Bxd8 Rxd8 20. Re1 Ne6 21. f4 Nd6 22. g4 Kf8 23. Kg2 1/2-1/2

[Event "26th Klatovy B 2018"]
[Site "Klatovy CZE"]
[Date "2018.07.05"]
[Round "6.2"]
[White "Danko, Jiri"]
[Black "Finek, Vaclav"]
[Result "0-1"]
[WhiteElo "1954"]
[BlackElo "1763"]
[PlyCount "116"]
[EventDate "2018.06.30"]
[EventType "swiss"]
[EventRounds "9"]
[EventCountry "CZE"]

1. e4 e5 2. Nf3 Nc6 3. Bb5 a6 4. Ba4 Nf6 5. O-O b5 6. Bb3 Be7 7. Re1 d6 8. c3 Bg4 9. d3 O-O 10. Nbd2 Na5 11. Bc2 c5 12. Nf1 Re8 13. Ng3 Bf8 14. h3 Bd7 15. Be3 Bc6 16. b4 Nb7 17. a4 cxb4 18. cxb4 d5 19. Qb1 d4 20. Bd2 Nd6 21. a5 Bd7 22. Ne2 Nb7 23. Nh2 Bd6 24. Qd1 Rc8 25. Rb1 Be6 26. Rb2 Nd7 27. f4 f6 28. Rf1 Bb8 29. Qe1 Nf8 30. Qf2 exf4 31. Bxf4 Be5 32. h4 Ng6 33. Bd2 Qd6 34. g3 Ne7 35. Nf3 Nc6 36. Nf4 Bf7 37. Kg2 Nbd8 38. Nd5 Ne7 39. Nb6 Rc6 40. g4 Qe6 41. Nxe5 fxe5 42. Qf3 Qd6 43. h5 Qc7 44. Bd1 Rf6 45. Qe2 Rxf1 46. Qxf1 Rf8 47. Qe1 Qd6 48. Qg3 Ne6 49. Bb3 Nf4+ 50. Bxf4 exf4 51. Bxf7+ Rxf7 52. Qf3 Rf8 53. Nd5 Nc6 54. Qh3 f3+ 55. Kf2 Ne5 56. Rd2 Qh6 57. Rd1 Qg5 58. Kg3 f2 0-1

[Event "26th Klatovy B 2018"]
[Site "Klatovy CZE"]
[Date "2018.07.05"]
[Round "6.3"]
[White "Rezac, Jindrich"]
[Black "Masek, Jan"]
[Result "0-1"]
[WhiteElo "1806"]
[BlackElo "1948"]
[PlyCount "54"]
[EventDate "2018.06.30"]
[EventType "swiss"]
[EventRounds "9"]
[EventCountry "CZE"]

1. Nf3 Nf6 2. c4 c5 3. Nc3 g6 4. g3 Bg7 5. Bg2 O-O 6. O-O Nc6 7. a3 d6 8. d3 Rb8 9. Rb1 Bd7 10. Bd2 a6 11. b4 b6 12. bxc5 bxc5 13. Rxb8 Qxb8 14. Qc2 Qc8 15. Rb1 Bg4 16. e3 Bf5 17. e4 Bg4 18. Be3 Bh3 19. Rb6 Bxg2 20. Kxg2 Nd7 21. Rb1 f5 22. exf5 Rxf5 23. Nd5 e6 24. Nf4 g5 25. Ne2 Qa8 26. Qb3 g4 27. Bd2 Na5 0-1

[Event "26th Klatovy B 2018"]
[Site "Klatovy CZE"]
[Date "2018.07.05"]
[Round "6.4"]
[White "Zidu, Jan"]
[Black "Novotny, Jaromir"]
[Result "1-0"]
[WhiteElo "1913"]
[BlackElo "1780"]
[PlyCount "123"]
[EventDate "2018.06.30"]
[EventType "swiss"]
[EventRounds "9"]
[EventCountry "CZE"]

1. d4 Nf6 2. c4 d6 3. Nc3 g6 4. e4 Bg7 5. Be2 O-O 6. Bg5 Nc6 7. d5 Nb8 8. Qd2 c6 9. Nf3 Qa5 10. O-O Bg4 11. b4 Qc7 12. Rac1 Nbd7 13. Rc2 Rac8 14. Rfc1 Qb8 15. h3 Bxf3 16. gxf3 Kh8 17. Bf4 Ne5 18. Bh6 Ng8 19. Bxg7+ Kxg7 20. f4 Nd7 21. Qd4+ f6 22. Bg4 Rcd8 23. Qd3 Nh6 24. Ne2 f5 25. exf5 Nxf5 26. Bxf5 Rxf5 27. Nd4 Rdf8 28. Nxf5+ Rxf5 29. Re1 Rf7 30. Rce2 Qd8 31. Qd4+ Kg8 32. dxc6 bxc6 33. Qxa7 e5 34. Qe3 Qh4 35. Qg3 Qh6 36. fxe5 Nxe5 37. Rxe5 dxe5 38. Rxe5 Qc1+ 39. Kg2 Qxc4 40. Re8+ Kg7 41. Qe5+ Kh6 42. Qe3+ Kg7 43. Re7 Qxa2 44. Qc3+ Kh6 45. Rxf7 Qxf7 46. Qxc6 Qf4 47. b5 Qg5+ 48. Kf1 Qh5 49. Qc1+ Kg7 50. Qc3+ Kh6 51. Qe3+ Kg7 52. b6 Qb5+ 53. Ke1 Qb4+ 54. Ke2 Qb5+ 55. Kd2 Qb2+ 56. Kd3 Qb3+ 57. Ke4 Qe6+ 58. Kf4 Qf6+ 59. Kg3 Qd6+ 60. f4 Kf7 61. b7 Qb8 62. Qb3+ 1-0

[Event "26th Klatovy B 2018"]
[Site "Klatovy CZE"]
[Date "2018.07.05"]
[Round "6.5"]
[White "Mejzr, Jan"]
[Black "Chmelik, Ladislav"]
[Result "0-1"]
[WhiteElo "1897"]
[BlackElo "1761"]
[PlyCount "84"]
[EventDate "2018.06.30"]
[EventType "swiss"]
[EventRounds "9"]
[EventCountry "CZE"]

1. b4 Nf6 2. Nf3 e6 3. a3 c5 4. bxc5 Bxc5 5. e3 Nc6 6. d4 Be7 7. Bd3 b6 8. O-O Bb7 9. Nbd2 d5 10. Bb2 O-O 11. Ne5 Nxe5 12. dxe5 Nd7 13. f4 g6 14. f5 Bg5 15. Bd4 exf5 16. Bxf5 Qe7 17. Bxd7 Qxd7 18. Nf3 Bh6 19. Nh4 Rac8 20. c3 Rfe8 21. Rf3 Bg7 22. Rf6 Rc6 23. Rxc6 Qxc6 24. Nf3 Qc4 25. Qe1 Bc8 26. Qh4 Bf5 27. Rf1 Bd3 28. Ng5 h6 29. Rxf7 hxg5 30. Rxg7+ Kxg7 31. e6+ Kf8 32. Qh8+ Ke7 33. Qf6+ Kd6 34. Be5+ Kc5 35. e7 Qb5 36. h3 Qd7 37. Qf2 Rxe7 38. e4+ Kc6 39. exd5+ Qxd5 40. Bd4 Qf5 41. Qg3 Qf1+ 42. Kh2 Qf4 0-1

[Event "26th Klatovy B 2018"]
[Site "Klatovy CZE"]
[Date "2018.07.05"]
[Round "6.6"]
[White "Flajsman, Petr"]
[Black "Hartmann, Andreas 1969"]
[Result "0-1"]
[WhiteElo "1753"]
[BlackElo "1847"]
[PlyCount "134"]
[EventDate "2018.06.30"]
[EventType "swiss"]
[EventRounds "9"]
[EventCountry "CZE"]

1. e4 c5 2. Nc3 e6 3. Nge2 Nc6 4. d4 cxd4 5. Nxd4 Bb4 6. Nxc6 Bxc3+ 7. bxc3 dxc6 8. Qxd8+ Kxd8 9. Bg5+ f6 10. O-O-O+ Kc7 11. Be3 b6 12. Bc4 Ne7 13. Rd2 Rd8 14. Rxd8 Kxd8 15. Rd1+ Kc7 16. f4 Ng6 17. g3 Ne7 18. Kb2 Bd7 19. a3 Rd8 20. Kc1 Bc8 21. Rxd8 Kxd8 22. Kd2 Ng6 23. h4 Ke7 24. Be2 h6 25. Bh5 Nf8 26. Be2 Nd7 27. c4 Kd6 28. Kc3 Bb7 29. Bf3 e5 30. f5 a5 31. Kb3 Ba6 32. Kc3 Nc5 33. g4 b5 34. cxb5 cxb5 35. g5 hxg5 36. hxg5 Bb7 37. gxf6 gxf6 38. Bxc5+ Kxc5 39. Bg2 Bc6 40. Bf3 Be8 41. Bg2 Bh5 42. Bh1 Be2 43. Bg2 Bc4 44. Kd2 b4 45. axb4+ Kxb4 46. Bf3 a4 47. Bd1 a3 48. c3+ Ka5 49. Kc2 Ka4 50. Kb1+ Bb3 51. Be2 Ka5 52. Bd3 Kb6 53. Be2 Kc5 54. Bd3 Bc4 55. Bc2 Kb5 56. Ka1 Be2 57. Bb3 Bd3 58. Bd5 Kc5 59. Ka2 Bc4+ 60. Kxa3 Bxd5 61. exd5 Kxd5 62. Kb3 Ke4 63. c4 Kxf5 64. Kb4 Ke6 65. Kc5 Kd7 66. Kd5 Kc7 67. c5 Kd7 0-1

[Event "26th Klatovy B 2018"]
[Site "Klatovy CZE"]
[Date "2018.07.05"]
[Round "6.7"]
[White "Novotny, David"]
[Black "Vachal, Josef1"]
[Result "1/2-1/2"]
[WhiteElo "1715"]
[BlackElo "1829"]
[PlyCount "37"]
[EventDate "2018.06.30"]
[EventType "swiss"]
[EventRounds "9"]
[EventCountry "CZE"]

1. d4 Nf6 2. c4 g6 3. Nc3 d5 4. Bg5 Ne4 5. Nxe4 dxe4 6. e3 c5 7. f3 Bg7 8. Qa4+ Bd7 9. Qa3 cxd4 10. fxe4 Nc6 11. Nf3 dxe3 12. Bxe3 O-O 13. Rd1 Qc7 14. Be2 Bg4 15. O-O Ne5 16. b3 Nxf3+ 17. Bxf3 Be6 18. Qc5 Rfc8 19. Qxc7 1/2-1/2

[Event "26th Klatovy B 2018"]
[Site "Klatovy CZE"]
[Date "2018.07.05"]
[Round "6.8"]
[White "Kovar, Petr2"]
[Black "Vilimek, Vit"]
[Result "1-0"]
[WhiteElo "1944"]
[BlackElo "1448"]
[PlyCount "33"]
[EventDate "2018.06.30"]
[EventType "swiss"]
[EventRounds "9"]
[EventCountry "CZE"]

1. d4 Nf6 2. Bf4 g6 3. Nf3 Bg7 4. e3 O-O 5. Bd3 d5 6. Nbd2 c5 7. c3 c4 8. Bc2 Nc6 9. h3 Nd7 10. e4 e5 11. exd5 exf4 12. dxc6 Re8+ 13. Kf1 bxc6 14. Kg1 Nb6 15. Kh2 Qc7 16. Ne4 Bf8 17. Nf6+ 1-0

[Event "26th Klatovy B 2018"]
[Site "Klatovy CZE"]
[Date "2018.07.05"]
[Round "6.9"]
[White "Hosnedl, Matyas"]
[Black "Zednik, Zdenek"]
[Result "1-0"]
[WhiteElo "1697"]
[BlackElo "1913"]
[PlyCount "113"]
[EventDate "2018.06.30"]
[EventType "swiss"]
[EventRounds "9"]
[EventCountry "CZE"]

1. e4 c6 2. Nf3 d5 3. Nc3 dxe4 4. Nxe4 Bf5 5. Ng3 Bg6 6. h4 h6 7. Ne5 Bh7 8. Qh5 g6 9. Qf3 Nf6 10. Qb3 e6 11. Qxb7 Nbd7 12. Nxc6 Qc8 13. Qxc8+ Rxc8 14. Nxa7 Rxc2 15. Nb5 Rc8 16. d4 Bb4+ 17. Bd2 Bxd2+ 18. Kxd2 O-O 19. Bd3 Rfd8 20. Rhc1 Rb8 21. a4 e5 22. a5 exd4 23. a6 Ne5 24. a7 Nxd3 25. axb8=Q Rxb8 26. Kxd3 Rxb5 27. Ra2 g5+ 28. Kxd4 gxh4 29. Ne2 Rd5+ 30. Kc3 Ne4+ 31. Kc4 Rd2 32. Nc3 Nxf2 33. b4 Bd3+ 34. Kb3 Rxa2 35. Kxa2 Bc4+ 36. Ka3 Nd3 37. Rh1 Ba6 38. Rxh4 Bb7 39. g3 Kg7 40. b5 Ne5 41. Kb4 Ng6 42. Rh2 f5 43. Ne2 Ne5 44. Nd4 Kg6 45. Kc5 Ng4 46. Ra2 Nf6 47. Ra3 Kg5 48. Kb6 Bd5 49. Kc7 f4 50. gxf4+ Kxf4 51. Ra6 Kg5 52. Rxf6 Kxf6 53. Nc6 Bc4 54. b6 Ba6 55. Nb4 Bb7 56. Kxb7 h5 57. Kc7 1-0

[Event "26th Klatovy B 2018"]
[Site "Klatovy CZE"]
[Date "2018.07.05"]
[Round "6.10"]
[White "Macho, Miloslav"]
[Black "Jirasek, Jiri"]
[Result "1/2-1/2"]
[WhiteElo "1710"]
[BlackElo "1903"]
[PlyCount "67"]
[EventDate "2018.06.30"]
[EventType "swiss"]
[EventRounds "9"]
[EventCountry "CZE"]

1. e4 e5 2. Nf3 Nc6 3. Nc3 Nf6 4. Bb5 d6 5. d3 Bg4 6. h3 Bh5 7. g4 Bg6 8. Bg5 Be7 9. Qd2 O-O 10. h4 h5 11. Bxf6 Bxf6 12. g5 Be7 13. O-O-O a6 14. Bxc6 bxc6 15. d4 exd4 16. Nxd4 Qd7 17. f4 f5 18. gxf6 Bxf6 19. f5 Bf7 20. Nf3 Qe8 21. Rhg1 Kh8 22. Rde1 Rb8 23. Ng5 Rb4 24. a3 Rc4 25. Ne2 Qe5 26. c3 d5 27. Nf4 Bxg5 28. hxg5 Rxe4 29. g6 Qxf4 30. Qxf4 Rxf4 31. Rg5 Bxg6 32. fxg6 Rf1 33. Rxh5+ Kg8 34. Rhe5 1/2-1/2

[Event "26th Klatovy B 2018"]
[Site "Klatovy CZE"]
[Date "2018.07.05"]
[Round "6.11"]
[White "Simacek, Vaclav"]
[Black "Chmelik, Benedikt"]
[Result "1-0"]
[WhiteElo "1868"]
[BlackElo "1475"]
[PlyCount "69"]
[EventDate "2018.06.30"]
[EventType "swiss"]
[EventRounds "9"]
[EventCountry "CZE"]

1. e4 e6 2. d4 d5 3. Nc3 Nf6 4. Bg5 Be7 5. e5 Nfd7 6. h4 a6 7. Qg4 c5 8. Bxe7 Qxe7 9. Qxg7 Qf8 10. Qg4 cxd4 11. Qxd4 Nc6 12. Qf4 Ndxe5 13. O-O-O Rg8 14. Rh3 Rg4 15. Qd2 Rd4 16. Qg5 Rxd1+ 17. Nxd1 Ng6 18. h5 f6 19. Qd2 Nge5 20. f4 Nf7 21. Re3 Qc5 22. Nf3 e5 23. fxe5 Nfxe5 24. Nf2 Kf7 25. Nd3 Qd6 26. Ndxe5+ Nxe5 27. Nxe5+ fxe5 28. Bd3 Bg4 29. Rg3 Bxh5 30. Bxh7 Qc5 31. b3 Rh8 32. Qh6 Qg1+ 33. Kb2 Qd4+ 34. Ka3 Rc8 35. Qg7+ 1-0

[Event "26th Klatovy B 2018"]
[Site "Klatovy CZE"]
[Date "2018.07.05"]
[Round "6.12"]
[White "Sova, Zdenek"]
[Black "Lener, Jaroslav 1975"]
[Result "1/2-1/2"]
[WhiteElo "1682"]
[BlackElo "1792"]
[PlyCount "26"]
[EventDate "2018.06.30"]
[EventType "swiss"]
[EventRounds "9"]
[EventCountry "CZE"]

1. Nf3 Nf6 2. d4 d5 3. c4 c6 4. Nc3 g6 5. e3 Bg7 6. Bd3 O-O 7. O-O Nbd7 8. Bd2 b6 9. cxd5 cxd5 10. Rc1 Bb7 11. Nb5 Ne8 12. h3 a6 13. Nc3 Nd6 1/2-1/2

[Event "26th Klatovy B 2018"]
[Site "Klatovy CZE"]
[Date "2018.07.05"]
[Round "6.13"]
[White "Zimovcak, Zdenek"]
[Black "Cyron, Karel"]
[Result "1/2-1/2"]
[WhiteElo "1609"]
[BlackElo "1756"]
[PlyCount "20"]
[EventDate "2018.06.30"]
[EventType "swiss"]
[EventRounds "9"]
[EventCountry "CZE"]

1. e4 Nf6 2. Nc3 d5 3. exd5 Nxd5 4. Nxd5 Qxd5 5. h3 e5 6. d3 Nc6 7. Bd2 Be6 8. Ne2 O-O-O 9. Nc3 Qd7 10. a3 f5 1/2-1/2

[Event "26th Klatovy B 2018"]
[Site "Klatovy CZE"]
[Date "2018.07.05"]
[Round "6.14"]
[White "Matejicek, Vojtech"]
[Black "Schille, Hannes"]
[Result "0-1"]
[WhiteElo "1393"]
[BlackElo "1750"]
[PlyCount "106"]
[EventDate "2018.06.30"]
[EventType "swiss"]
[EventRounds "9"]
[EventCountry "CZE"]

1. d4 Nf6 2. c4 e6 3. Nc3 Bb4 4. Nf3 b6 5. e3 Bxc3+ 6. bxc3 Bb7 7. Bd3 O-O 8. O-O d6 9. Re1 Nbd7 10. e4 e5 11. Bb2 Re8 12. Qc2 Nh5 13. Bc1 c5 14. Be3 Nf8 15. Rad1 Qc7 16. Rd2 Ng6 17. Rdd1 Nhf4 18. Rd2 Nxd3 19. Qxd3 exd4 20. cxd4 Bxe4 21. Qe2 Bb7 22. Qd1 Rad8 23. d5 Re4 24. Qc2 Rde8 25. Ng5 R4e7 26. h4 Nf8 27. Qf5 Re5 28. Qh3 Bc8 29. Qg3 f6 30. Nf3 Re4 31. h5 Rg4 32. Qh2 Rxc4 33. h6 g6 34. Red1 Rce4 35. Bf4 Qe7 36. g4 Rd8 37. g5 f5 38. Kg2 Ba6 39. Nh4 Be2 40. Rc1 Bc4 41. Rcd1 Re2 42. Rxe2 Qxe2 43. Bxd6 Qxd1 44. Qe5 Qxd5+ 45. Qxd5+ Bxd5+ 46. Kg3 Rxd6 47. Nf3 Bxf3 48. Kxf3 c4 49. Kf4 c3 50. Ke5 Rd7 51. Kf6 c2 52. f4 c1=Q 53. a4 Qc3# 0-1

[Event "26th Klatovy B 2018"]
[Site "Klatovy CZE"]
[Date "2018.07.05"]
[Round "6.16"]
[White "Pecka, Jan"]
[Black "Krupansky, Jaromir"]
[Result "1-0"]
[WhiteElo "1383"]
[BlackElo "1765"]
[PlyCount "79"]
[EventDate "2018.06.30"]
[EventType "swiss"]
[EventRounds "9"]
[EventCountry "CZE"]

1. e4 c5 2. Nf3 Nc6 3. Bb5 d6 4. O-O Bd7 5. c3 Nf6 6. Re1 e5 7. d4 Qc7 8. Qd3 Be7 9. h3 O-O 10. Be3 cxd4 11. cxd4 Nb4 12. Qb3 Bxb5 13. Qxb4 Ba6 14. d5 Qc4 15. Qxc4 Bxc4 16. Nbd2 Ba6 17. Rac1 Rfc8 18. Nh2 Nd7 19. Nhf1 b6 20. b4 Rxc1 21. Rxc1 Rc8 22. Rxc8+ Bxc8 23. b5 Nc5 24. Bxc5 bxc5 25. Nc4 Kf8 26. Nfd2 Ke8 27. Kf1 Bd7 28. a4 Kd8 29. Nb3 Kc7 30. Ke2 g6 31. Kd3 f5 32. f3 fxe4+ 33. fxe4 h5 34. Nba5 Bf8 35. Nc6 Kb7 36. a5 g5 37. a6+ Ka8 38. b6 Bxc6 39. dxc6 axb6 40. c7 1-0

[Event "26th Klatovy B 2018"]
[Site "Klatovy CZE"]
[Date "2018.07.05"]
[Round "6.17"]
[White "Perik, Alois"]
[Black "Dvorakova, Olga"]
[Result "0-1"]
[WhiteElo "1832"]
[BlackElo "1556"]
[PlyCount "56"]
[EventDate "2018.06.30"]
[EventType "swiss"]
[EventRounds "9"]
[EventCountry "CZE"]

1. c4 e5 2. Nc3 Nc6 3. g3 Bb4 4. Bg2 d6 5. e3 Nf6 6. Nd5 O-O 7. a3 Bc5 8. b4 Bb6 9. Qf3 Nxd5 10. cxd5 Ne7 11. Ne2 f5 12. d3 Bd7 13. Nc3 c6 14. Qe2 a5 15. Qb2 axb4 16. axb4 Rxa1 17. Qxa1 cxd5 18. Nxd5 Bc6 19. Nxe7+ Qxe7 20. O-O Bxg2 21. Kxg2 Qf7 22. Qc3 Qe6 23. Bb2 Rc8 24. Qa3 f4 25. exf4 exf4 26. Rc1 f3+ 27. Kxf3 Rf8+ 28. Kg2 Rxf2+ 0-1

[Event "26th Klatovy B 2018"]
[Site "Klatovy CZE"]
[Date "2018.07.05"]
[Round "6.18"]
[White "Merinsky, Vaclav"]
[Black "Nagy, Ladislav"]
[Result "1-0"]
[WhiteElo "1565"]
[BlackElo "1740"]
[PlyCount "56"]
[EventDate "2018.06.30"]
[EventType "swiss"]
[EventRounds "9"]
[EventCountry "CZE"]

1. c4 e5 2. Nc3 Nf6 3. d3 Nc6 4. Nf3 Bc5 5. g3 d6 6. Bg2 a6 7. O-O Be6 8. Bg5 h6 9. Bxf6 gxf6 10. e3 Qd7 11. Re1 Ba7 12. a3 Ke7 13. Nd5+ Bxd5 14. cxd5 Nd8 15. Nh4 h5 16. e4 Qg4 17. Nf5+ Kf8 18. Qa4 b5 19. Qc2 Bb6 20. a4 h4 21. h3 Qg5 22. g4 b4 23. a5 Bc5 24. Qa4 Qd2 25. Qd7 Bxf2+ 26. Kh1 Qg5 27. Rf1 Bc5 28. Qxc7 Ra7 1-0